Statistics for NCAA Division 1 Football Schools

Click here to take the quiz!

General Stats

  • This quiz has been taken 1,553 times
    (1,073 since last reset)
  • The average score is 87 of 129

Answer Stats

Answer% Correct
Alabama
95%
Florida
92%
Michigan
92%
Texas
92%
Georgia
90%
Ohio
90%
Florida State
89%
Michigan State
89%
North Carolina
88%
Ohio State
88%
Oregon
86%
USC
85%
Arkansas
84%
Kansas
84%
Oklahoma
84%
UCLA
84%
Virginia
84%
Washington
84%
Arizona
83%
Auburn
83%
Clemson
83%
South Carolina
83%
California
82%
Kentucky
82%
Louisiana State
82%
Miami (FL)
82%
Miami (OH)
82%
Ole Miss
82%
Oregon State
82%
Penn State
82%
Texas Tech
82%
Texas A&M
81%
Georgia Tech
80%
Iowa
80%
Oklahoma State
80%
Washington State
80%
Colorado
79%
Kansas State
79%
Tennessee
79%
Illinois
78%
Virginia Tech
78%
Wisconsin
78%
Indiana
77%
Minnesota
77%
Notre Dame
77%
Nebraska
76%
Iowa State
75%
Mississippi State
75%
Utah
75%
West Virginia
75%
Colorado State
74%
Duke
74%
North Carolina State
74%
Missouri
73%
Pittsburgh
73%
Texas Christian
73%
Maryland
72%
New Mexico
72%
Army
71%
Navy
71%
Baylor
70%
Stanford
70%
UCF
70%
Arizona State
69%
Boston College
69%
Syracuse
69%
Wyoming
69%
Boise State
68%
Brigham Young
68%
Rutgers
68%
Air Force
67%
Purdue
67%
Nevada
66%
Utah State
66%
Vanderbilt
66%
Northwestern
65%
Akron
64%
Louisville
64%
Hawaii
63%
New Mexico State
63%
USF
63%
Connecticut
62%
Georgia State
62%
Houston
62%
San Diego State
62%
UNLV
62%
Wake Forest
61%
Memphis
58%
UTEP
58%
Western Michigan
58%
Central Michigan
57%
Massachusetts
57%
Tulane
56%
Cincinnati
55%
Eastern Michigan
55%
Southern Methodist
55%
Tulsa
55%
Fresno State
54%
Temple
54%
Buffalo
53%
Idaho
53%
North Texas
52%
Rice
52%
Toledo
52%
Florida Atlantic
51%
Florida International
51%
Western Kentucky
51%
UTSA
50%
Bowling Green
49%
Kent State
49%
Marshall
49%
San Jose State
49%
UAB
49%
East Carolina
48%
Georgia Southern
48%
Louisiana Tech
48%
Arkansas State
47%
Ball State
45%
UL Monroe
44%
Texas State
43%
Appalachian State
42%
Northern Illinois
42%
Middle Tennessee State
41%
South Alabama
41%
Southern Mississippi
41%
UL Lafayette
40%
Troy
38%
Old Dominion
34%
Charlotte
32%

Score Distribution

Percentile by Number Answered

Percent of People with Each Score

Your Score History

You have not taken this quiz since the last reset